000 00511nam a2200169Ia 4500
999 _c6613
_d6613
003 OSt
005 20200125093623.0
008 190216s9999||||xx |||||||||||||| ||und||
020 _a9788120326330
040 _coclc
082 _a658.022
_bALT/E
100 _aAltekar, Rahul V
_91468
245 0 _aEnterprisewide Resource Planning /
_cRahul V Altekar
260 _bPrentice Hall Of India Pvt Ltd,
_aNew Delhi:
_c2004.
300 _a152p
942 _cBK
_2ddc
_h658.022
_iALT/E
_k658.022
_mALT/E